| 000 | 00744nam a22001815i 4500 | ||
|---|---|---|---|
| 001 | 167164 | ||
| 003 | ES-MaACL | ||
| 005 | 20240229062729.0 | ||
| 008 | 000725s1899 sp |||| | spa d | ||
| 040 |
_aCCPB | B _bspa _cCCPB | B |
||
| 100 | 1 |
_aVelilla y Rodríguez, José de. _9113843 |
|
| 245 | 1 | 3 |
_aEl Santo Congreso Hispalense _b: 1810-1812 : (Guerra de la Independencia) / _cpor José de Velilla. |
| 260 |
_aSevilla : _b[s.n.], _c1899 ( _fTipografía Monsalves) |
||
| 300 |
_a28 p. ; _c19 cm. |
||
| 651 | 4 |
_aEspaña- _xHistoria- _y1808-1814, Guerra de la Independencia _98244 |
|
| 852 |
_aES-MaACL _jT-939-F-4 _z-- Enc. hol. conservando la cub. original _z-- Donativo del autor _d-- Olim: Enc. en un vol. facticio |
||
| 999 |
_c167164 _d167164 |
||